Les 10 meilleurs footballeurs masculins du monde 2024 - Sudden Death - Statistiques

Statistiques générales
  • Ce quiz a été pris 349 fois
  • Le résultat moyen est 5 sur 10
Answers on the Grid
Answers color-coded by a green-red scale on the quiz's grid according to % correct below.
Robert Lewandowski Barcelona
Jude Bellingham Real Madrid
Emiliano Martínez Aston Villa
Harry Kane Bayern Munchen
Dani Carvajal Real Madrid
Florian Wirtz Bayer Leverkusen
Raphinha Barcelona
Lamine Yamal Barcelona
Vinícius Júnior Real Madrid
Lautaro Martínez Inter
Ademola Lookman Atalanta
Kylian Mbappé Real Madrid
Antonio Rüdiger Real Madrid
Rodri Manchester City
Erling Haaland Manchester City
 
Statistiques - réponses
Réponse % Correct
Jude Bellingham Real Madrid
77%
Kylian Mbappé Real Madrid
70%
Rodri Manchester City
62%
Vinícius Júnior Real Madrid
62%
Lamine Yamal Barcelona
61%
Erling Haaland Manchester City
56%
Harry Kane Bayern Munchen
46%
Dani Carvajal Real Madrid
38%
Florian Wirtz Bayer Leverkusen
32%
Lautaro Martínez Inter
32%
Aucun quiz correspondant
Distribution des résultats
% des personnes avec chaque résultat
Percentile par nombre de réponses
Votre historique - résultats
Vous n’avez pas pris ce quiz